<?xml version="1.0" encoding="UTF-8"?>
<record
    xmlns:xsi="http://www.w3.org/2001/XMLSchema-instance"
    xsi:schemaLocation="http://www.loc.gov/MARC21/slim http://www.loc.gov/standards/marcxml/schema/MARC21slim.xsd"
    xmlns="http://www.loc.gov/MARC21/slim">

  <leader>00972na  a2200265   4500</leader>
  <controlfield tag="001">21456</controlfield>
  <controlfield tag="003">MIRAKIL</controlfield>
  <controlfield tag="005">20181213155129.0</controlfield>
  <controlfield tag="008">170204b        tu            000 0      </controlfield>
  <datafield tag="040" ind1=" " ind2=" ">
    <subfield code="a">Milas</subfield>
    <subfield code="b">tur</subfield>
    <subfield code="c">TR-AnCHP</subfield>
  </datafield>
  <datafield tag="041" ind1=" " ind2=" ">
    <subfield code="a">tur</subfield>
  </datafield>
  <datafield tag="082" ind1=" " ind2=" ">
    <subfield code="a">322.4</subfield>
    <subfield code="b">P37g 2003</subfield>
  </datafield>
  <datafield tag="090" ind1=" " ind2=" ">
    <subfield code="a">322.4 P37g 2003</subfield>
  </datafield>
  <datafield tag="100" ind1=" " ind2=" ">
    <subfield code="a">Petras, James</subfield>
    <subfield code="d">1937-</subfield>
  </datafield>
  <datafield tag="245" ind1=" " ind2=" ">
    <subfield code="a">G&#xFC;n&#xFC;m&#xFC;zde anti-emperyalist siyaset</subfield>
    <subfield code="c">James Petras ; Yaz&#x131; i&#x15F;leri m&#xFC;d&#xFC;r&#xFC; M&#xFC;barek Berky&#xFC;rek</subfield>
  </datafield>
  <datafield tag="246" ind1=" " ind2=" ">
    <subfield code="a">Anti-emperyalist siyaset</subfield>
  </datafield>
  <datafield tag="260" ind1=" " ind2=" ">
    <subfield code="a">&#x130;stanbul</subfield>
    <subfield code="b">Cosmopolitik</subfield>
    <subfield code="c">2003</subfield>
    <subfield code="f">Berdan Matbaac&#x131;l&#x131;k</subfield>
  </datafield>
  <datafield tag="300" ind1=" " ind2=" ">
    <subfield code="a">31 s.</subfield>
    <subfield code="b">fotg.</subfield>
    <subfield code="c">28 sm.</subfield>
  </datafield>
  <datafield tag="500" ind1=" " ind2=" ">
    <subfield code="a">Uluslararas&#x131; bir sol i&#xE7;in elele, Anti-Emperyalist siyaset ; s&#x131;n&#x131;f olu&#x15F;umu ve sosyo-politik eylem, Latin Amerikada Emperyalizm ve direni&#x15F;.</subfield>
  </datafield>
  <datafield tag="500" ind1=" " ind2=" ">
    <subfield code="a">Cosmopolitik &#xFC;&#xE7; ayl&#x131;k D&#xFC;nya Solu dergisi &#xF6;zel say&#x131; 1</subfield>
  </datafield>
  <datafield tag="650" ind1=" " ind2=" ">
    <subfield code="a">Sol, Uluslararas&#x131;</subfield>
  </datafield>
  <datafield tag="650" ind1=" " ind2=" ">
    <subfield code="a">Emperyalizm</subfield>
    <subfield code="e">Kar&#x15F;&#x131; hareketler</subfield>
  </datafield>
  <datafield tag="700" ind1=" " ind2=" ">
    <subfield code="a">Berky&#xFC;rek, M&#xFC;barek</subfield>
  </datafield>
  <datafield tag="942" ind1=" " ind2=" ">
    <subfield code="2">ddc</subfield>
    <subfield code="c">BKS</subfield>
  </datafield>
  <datafield tag="952" ind1=" " ind2=" ">
    <subfield code="a">0001</subfield>
    <subfield code="b">0001</subfield>
    <subfield code="d">2017-02-04</subfield>
    <subfield code="e">2</subfield>
    <subfield code="l">0</subfield>
    <subfield code="o">322.4 P37g 2003</subfield>
    <subfield code="p">015523</subfield>
    <subfield code="r">2017-02-04 00:00:00</subfield>
    <subfield code="v">0.00</subfield>
    <subfield code="w">2017-02-04</subfield>
    <subfield code="y">BKS</subfield>
  </datafield>
  <datafield tag="999" ind1=" " ind2=" ">
    <subfield code="c">7140</subfield>
    <subfield code="d">7140</subfield>
  </datafield>
</record>
